Teatro argentino : de la palabra al cuerpo /

Guardado en:
Autor Principal: Atorresi, Ana
Formato: Libro
Publicado: Buenos Aires : Aique, 2000
Series:Polimodal
Materias:
Etiquetas: Agregar Etiqueta
Sin Etiquetas, Sea el primero en etiquetar este registro!
LEADER 01070nam a22002655a 4500
001 CEM.cems010615
005 20080507113759.0
008 130507s2000##################000#0#####d
003 CEMS
020 |a 950701618X 
082 0 4 |a 468 
100 1 |a Atorresi, Ana 
245 1 0 |a Teatro argentino :  |b de la palabra al cuerpo /  |c Compilado Por Ana Atorresi y S. Gándara 
260 |a Buenos Aires :  |b Aique,  |c 2000 
300 |a 54 p. 
490 0 |a Polimodal 
500 |a Acompaña al texto Lengua y Literatura Ii 
505 0 |a Canillita / Florencio Sánchez -- Gris de ausencia / Roberto Cossa -- Sale con sal / Alejandro Sapognikoff -- Juego de salón / Bob Barr y Carlos Nicastro 
653 |a Literatura 
653 |a Teatro 
653 |a Teatro argentino 
859 |a CEMS  |b BIB. CEMS - 11 de abril  |h 468  |i At72-1  |p 21178.01  |t Ej.1  |v II  |3 II 
859 |a CEMS  |b BIB. CEMS - 11 de abril  |h 468  |i At72-1  |p 21379.01  |t Ej.2  |v II  |3 II 
859 |a CEMS  |b BIB. CEMS - 11 de abril  |h 468  |i At72-1  |p 21380.01  |t Ej.3  |v II  |3 II 
859 |a CEMS  |b BIB. CEMS - 11 de abril  |h 468  |i At72-1  |p 21381.01  |t Ej.4  |v II  |3 II